<?xml version="1.0" encoding="UTF-8"?><?xml-stylesheet type="text/xsl" href="static/style.xsl"?><OAI-PMH xmlns="http://www.openarchives.org/OAI/2.0/" xmlns:xsi="http://www.w3.org/2001/XMLSchema-instance" xsi:schemaLocation="http://www.openarchives.org/OAI/2.0/ http://www.openarchives.org/OAI/2.0/OAI-PMH.xsd"><responseDate>2026-06-06T00:45:45Z</responseDate><request verb="GetRecord" identifier="oai:riuma.uma.es:10630/13212" metadataPrefix="marc">https://riuma.uma.es/rest/oai/request</request><GetRecord><record><header><identifier>oai:riuma.uma.es:10630/13212</identifier><datestamp>2026-02-03T10:24:40Z</datestamp><setSpec>com_10630_1685</setSpec><setSpec>col_10630_38055</setSpec></header><metadata><record xmlns="http://www.loc.gov/MARC21/slim" xmlns:dcterms="http://purl.org/dc/terms/" xmlns:doc="http://www.lyncode.com/xoai" xmlns:xsi="http://www.w3.org/2001/XMLSchema-instance" xsi:schemaLocation="http://www.loc.gov/MARC21/slim http://www.loc.gov/standards/marcxml/schema/MARC21slim.xsd">
   <leader>00925njm 22002777a 4500</leader>
   <datafield ind2=" " ind1=" " tag="042">
      <subfield code="a">dc</subfield>
   </datafield>
   <datafield ind2=" " ind1=" " tag="720">
      <subfield code="a">Lorite Álvarez de Perea, María Dolores</subfield>
      <subfield code="e">author</subfield>
   </datafield>
   <datafield ind2=" " ind1=" " tag="260">
      <subfield code="c">2017-03-08</subfield>
   </datafield>
   <datafield ind2=" " ind1=" " tag="520">
      <subfield code="a">Lo que pasa donde no pasa nada nace así como una relectura del proyecto Claustro Materno, cuyo principal objetivo era la búsqueda de un vínculo entre espacio espiritual y los ciclos biológicos de la mujer. El desarrollo progresivo de este proyecto se ha encaminado, así, hacia un análisis de diversas dicotomías&#xd;
en las que el interés por la luz y su relación con el espacio interior en el que&#xd;
aparece proyectado seguían siendo las protagonistas.&#xd;
Comenzando por la correlación entre lo cotidiano y lo sagrado, realizo un&#xd;
análisis teórico de autores que han incorporado lo espiritual a escenas del día a día y superpongo plásticamente elementos característicos del espacio sacro al doméstico. Por otro lado, me sirvo del uso de la sombra y la luz solar para generar estancias en las que el tiempo parece extenderse, analizando&#xd;
esta concepción dilatada del tiempo y generando una atmósfera que invita a su contemplación mediante el uso de medios pictóricos de distinta naturaleza que, a la vez que evidencian sus diferencias, generan un ambiente armónico.&#xd;
Posteriormente, estudio las características de las superficies que estructuran estas estancias vacías (suelo y pared) y relaciono su naturaleza inmóvil con la fugacidad característica de la proyección de la sombra producida por el sol.</subfield>
   </datafield>
   <datafield ind1="8" ind2=" " tag="024">
      <subfield code="a">http://hdl.handle.net/10630/13212</subfield>
   </datafield>
   <datafield tag="653" ind2=" " ind1=" ">
      <subfield code="a">Grado en Bellas Artes - Trabajos Fin de Grado</subfield>
   </datafield>
   <datafield tag="653" ind2=" " ind1=" ">
      <subfield code="a">Bellas Artes - Trabajos Fin de Grado</subfield>
   </datafield>
   <datafield tag="653" ind2=" " ind1=" ">
      <subfield code="a">Pintura</subfield>
   </datafield>
   <datafield tag="653" ind2=" " ind1=" ">
      <subfield code="a">Luz en el arte</subfield>
   </datafield>
   <datafield ind2="0" ind1="0" tag="245">
      <subfield code="a">Lo que pasa donde no pasa nada</subfield>
   </datafield>
</record>
</metadata></record></GetRecord></OAI-PMH>